Meniaca sa Európa politická mapa : uchádzači o členstvo v EÚ zo strednej Európy

Bibliographic Details
Format: Map
Language:Slovak
PhysicalDescription:1 mapa fareb. 114 x 107 cm
Published: Luxembourg Brusel Úrad pre oficiálne publikácie Európskych spoločenstiev Európska komisia c1997
Subjects:

MARC

LEADER 00000nem a2200000 a 4500
001 vtls001291040
003 SK-MaSNL
005 20260301064934.0
007 aj cazzn
008 251124s1997 lu 0 slo
015 |a SNBZSC1997-00011 
035 |a SNK000242703 
035 |a urn:nbn:sk:snk-em004ygg 
035 |a DF090B1D-BCEB-4FC4-BCA8-A1B46C796C48 
035 |a urn:nbn:sk:snk-emtd69 
040 |a SNK  |b slo  |c SNK  |e AACR2 
041 0 |a slo 
043 |a e------ 
044 |a lu  |c LU 
080 |a 327(4)(084.3)  |2 1981 
080 |a 912(4)  |2 1981 
245 0 0 |a Meniaca sa Európa  |h kartografický dokument  |b politická mapa : uchádzači o členstvo v EÚ zo strednej Európy 
255 |a Mierka 1:4 000 000 
260 |a Luxembourg  |b Úrad pre oficiálne publikácie Európskych spoločenstiev  |a Brusel  |b Európska komisia  |c c1997 
300 |a 1 mapa  |b fareb.  |c 114 x 107 cm 
500 |a Obs. graf. mierku, mp. a tab. 
651 7 |a Európa  |2 SNK  |9 167569 
655 7 |a politické mapy  |2 SNK  |9 291750 
923 |a politická  |b skladaná  |c pre verejnosť 
954 |a mapy cudzojazyčné (svetové)  |2 lita 
999 |c 628821  |d 630751 
952 |t P60, <03>, [BOOK], {603}  |a SNK  |b SNK  |y PREZ  |7 0  |p 17A0072682  |o snkSLCm 1937  |i snkV 1468/97  |0 0  |1 0  |4 0  |d 1997-06-18  |f 1  |l 0  |r 2005-01-02 00:00:00  |w 2026-02-23